Все люди ПИЭ - Statistics

General Stats
  • This quiz has been taken 4 times
  • The average score is 18 of 40
Answer Stats
Hint Answer % Correct
+ Баранов Сергей
100%
+ Ковалёв Лев
100%
+ Козырь Виктория
100%
+ Лаумец Дмитрий
100%
- Логдачёв Михаил
100%
- Николаев Лев
100%
+ Ростоцкий Максим
100%
+ Сирапорнпирун Натча
100%
+ Соколов Илья
100%
+ Фёдорова Мария
100%
+ Чернятьев Никита
100%
+ Шутов Иван
100%
+ Годунцов Максим
50%
+ Ештокин Андрей
50%
+ Зорин Алексей
50%
- Кагиров Мурат
50%
+ Кораблёв Кирилл
50%
+ Кузьмин Виктор
50%
+ Курилова Анна
50%
- Петрова Мария
50%
+ Потега Ксения
50%
- Родригез Фабиан
50%
- Смольников Данил
50%
+ Сушко Алексей
50%
+ Багров Илья
0%
- Бортников Сергей
0%
- Ботнарь Игорь
0%
- Иванов Константин
0%
- Игоренко Антон
0%
+ Клименко Артем
0%
+ Кучеров Валентин
0%
- Легков Алексей
0%
- Скрипальщиков Семён
0%
+ Сокирка Артём
0%
+ Солобоев Максим
0%
- Терехов Денис
0%
- Хоменко Данила
0%
- Черемных Кристина
0%
- Шварц Анжелика
0%
- Шокун Диана
0%
No matching quizzes found
Score Distribution
Percent of People with Each Score
Percentile by Number Answered
Your Score History
You have not taken this quiz